[Event "24. Engiadina Open Zuoz"]
[Site "?"]
[Date "2017.10.12"]
[Round "5.16"]
[White "Gruber, Jürg"]
[Black "Saxer, Bruno"]
[Result "1/2-1/2"]
[WhiteElo "1564"]
[BlackElo "1722"]
[PlyCount "72"]
[EventDate "2017.??.??"]

1. e4 c5 2. f4 d6 3. Nf3 Nc6 4. Bc4 e6 5. Nc3 a6 6. a4 Nf6 7. d4 cxd4 8. Nxd4
g6 9. Nxc6 bxc6 10. e5 Nh5 11. O-O d5 12. Be2 Bc5+ 13. Kh1 Ng7 14. Bf3 Nf5 15.
Qe1 Bb7 16. Bd2 Rb8 17. Rb1 a5 18. Ne2 Bb4 19. c3 Bc5 20. Nd4 Bxd4 21. cxd4
Nxd4 22. Bxa5 Qe7 23. Qc3 c5 24. b4 O-O 25. bxc5 Nxf3 26. Rxf3 d4 27. Qxd4 Bxf3
28. Rxb8 Bxg2+ 29. Kxg2 Rxb8 30. Bb6 Qb7+ 31. Kg1 Qf3 32. a5 Qg4+ 33. Kf2 g5
34. c6 Qh4+ 35. Kg1 Qg4+ 36. Kf2 Qh4+ 1/2-1/2

[Event "24. Engiadina Open"]
[Site "?"]
[Date "2017.10.13"]
[Round "6.1"]
[White "Vilaseca, Laurent"]
[Black "Rausch, Stephan"]
[Result "0-1"]
[WhiteElo "2092"]
[BlackElo "2229"]
[PlyCount "74"]
[EventDate "2017.??.??"]
[TimeControl "6000+650"]
[WhiteClock "0:08:25"]
[BlackClock "0:40:22"]

1. d4 d5 2. Bf4 Nf6 3. e3 c5 4. Be2 Nc6 5. Nf3 Qb6 6. b3 cxd4 7. exd4 Bg4 8. c3
e6 9. O-O Rc8 10. h3 Bh5 11. Ne5 Nxe5 12. dxe5 Bxe2 13. Qxe2 Ne4 14. c4 Bc5 15.
cxd5 Nxf2 16. Rxf2 Bd4 17. Nd2 Bxa1 18. Nc4 Rxc4 19. Qxc4 Bd4 20. Qa4+ Kf8 21.
Bg3 exd5 22. Qd7 Qe6 23. Qd8+ Qe8 24. Qxd5 Bxf2+ 25. Bxf2 Qc8 26. Bxa7 h5 27.
Be3 Kg8 28. Bg5 Qf5 29. h4 Kh7 30. Qxb7 Re8 31. Bf6 Kg6 32. Qb5 Ra8 33. Bg5
Rxa2 34. Qb6+ Kh7 35. Qe3 g6 36. Be7 Qg4 37. Qf3 Qd4+ 0-1

[Event "24. Engiadina Open"]
[Site "?"]
[Date "2017.10.13"]
[Round "6.2"]
[White "Simon, Ralf-Axel"]
[Black "Schunk, Thomas"]
[Result "1-0"]
[WhiteElo "2214"]
[BlackElo "2111"]
[PlyCount "91"]
[EventDate "2017.??.??"]
[TimeControl "6000+1260"]
[WhiteClock "0:17:54"]
[BlackClock "1:16:49"]

1. Nf3 c5 2. e4 e6 3. d4 cxd4 4. Nxd4 Nf6 5. Nc3 d6 6. g4 a6 7. g5 Nfd7 8. Be3
Be7 9. Qd2 Nc6 10. h4 Nde5 11. Be2 Na5 12. b3 Nac6 13. f4 Nd7 14. Nd1 Qa5 15.
c3 Nxd4 16. cxd4 Qxd2+ 17. Kxd2 b6 18. Nf2 Bb7 19. Rhc1 Bd8 20. Bf3 b5 21. a4
Ba5+ 22. Ke2 Ke7 23. Nd3 Bb6 24. a5 Bd8 25. Nb4 Re8 26. Nc6+ Kf8 27. Nxd8 Raxd8
28. Rc7 Ba8 29. Rac1 f5 30. exf5 Bxf3+ 31. Kxf3 exf5 32. Ra7 Re7 33. Rxa6 Rde8
34. Rc3 b4 35. Rd3 Rc8 36. Rxd6 Kf7 37. Bd2 Rc2 38. Rd5 Kg6 39. Re3 Rxe3+ 40.
Kxe3 Nf8 41. Bxb4 Ne6 42. Rd6 Kf7 43. Rd7+ Kg8 44. d5 Nc7 45. h5 g6 46. Rd8+
1-0

[Event "24. Engiadina Open"]
[Site "?"]
[Date "2017.10.13"]
[Round "6.3"]
[White "Remensberger, Paul"]
[Black "Eschmann, Patrick"]
[Result "0-1"]
[WhiteElo "2111"]
[BlackElo "2160"]
[PlyCount "62"]
[EventDate "2017.??.??"]
[TimeControl "6000+895"]
[WhiteClock "0:29:16"]
[BlackClock "0:08:12"]

1. Nf3 d5 2. g3 c5 3. c4 e6 4. cxd5 exd5 5. d4 Nc6 6. Nc3 Nf6 7. Bg2 Be7 8. O-O
O-O 9. Bg5 cxd4 10. Nxd4 h6 11. Bxf6 Bxf6 12. Nb3 d4 13. Nd5 Re8 14. Nxf6+ Qxf6
15. Re1 Bg4 16. Qd2 Rad8 17. Rac1 d3 18. exd3 Rxe1+ 19. Rxe1 Ne5 20. d4 Nf3+
21. Bxf3 Bxf3 22. Re3 Bd5 23. Qe2 Qc6 24. Rc3 Qa4 25. Nc1 Bc6 26. Rc4 Qa6 27.
Rb4 Qa5 28. Qc4 Qf5 29. Qd3 Re8 30. f3 Qg5 31. Qf1 Qe3+ 0-1

[Event "24. Engiadina Open"]
[Site "?"]
[Date "2017.10.13"]
[Round "6.4"]
[White "Remensberger, Hansueli"]
[Black "Frehner, Walter"]
[Result "1-0"]
[WhiteElo "2073"]
[BlackElo "1914"]
[PlyCount "59"]
[EventDate "2017.??.??"]
[TimeControl "6000+470"]
[WhiteClock "0:33:52"]
[BlackClock "0:39:54"]

1. Nf3 Nf6 2. c4 c6 3. g3 d5 4. cxd5 cxd5 5. Bg2 e6 6. O-O Nc6 7. d4 Bd6 8. Nc3
O-O 9. Bg5 Be7 10. Rc1 h6 11. Bf4 a6 12. Na4 Nd7 13. a3 g5 14. Be3 Na5 15. Nd2
b5 16. Nc3 Bb7 17. f4 Qb6 18. b4 Nc6 19. Nb3 a5 20. Nc5 Bc8 21. fxg5 hxg5 22.
Qd2 axb4 23. axb4 Nxb4 24. Nxd7 Bxd7 25. Bxg5 Qd8 26. Bh6 Re8 27. Qf4 f5 28. g4
Bf8 29. gxf5 Bxh6 30. Qxh6 1-0

[Event "24. Engiadina Open"]
[Site "?"]
[Date "2017.10.13"]
[Round "6.5"]
[White "Hugentobler, Patrik"]
[Black "Fecker, Noah"]
[Result "0-1"]
[WhiteElo "2171"]
[BlackElo "2195"]
[PlyCount "118"]
[EventDate "2017.??.??"]
[TimeControl "6000+850"]
[WhiteClock "0:17:47"]
[BlackClock "0:07:25"]

1. e4 c5 2. Nf3 e6 3. b3 b6 4. d4 cxd4 5. Nxd4 Bb7 6. Nb5 d5 7. exd5 a6 8. Nd4
Qxd5 9. Be3 Nf6 10. Nf3 Qxd1+ 11. Kxd1 Nd5 12. Bd3 Nxe3+ 13. fxe3 Nd7 14. Nbd2
Nc5 15. Ke2 f6 16. Nc4 Rb8 17. c3 Nxd3 18. Kxd3 b5 19. Ncd2 Bc5 20. c4 Ke7 21.
Ke2 Rhd8 22. Rhd1 Rd7 23. Rab1 b4 24. Nf1 a5 25. Rxd7+ Kxd7 26. Rd1+ Kc7 27.
Nd4 Bxd4 28. Rxd4 Bxg2 29. Rg4 Bxf1+ 30. Kxf1 g6 31. Rh4 h5 32. Rf4 f5 33. h4
Rg8 34. Rd4 g5 35. hxg5 Rxg5 36. Rh4 Kc6 37. Kf2 Kc5 38. Rh1 a4 39. Rh4 a3 40.
Rh1 Kd6 41. Rh4 Kc5 42. Rh1 Kc6 43. Rh3 Kd6 44. Rh1 Ke5 45. Rh4 Rg8 46. Rxh5
Ke4 47. Rh4+ Kd3 48. Kf3 e5 49. Rh5 Kc3 50. Rh2 Rg1 51. Rf2 Rb1 52. Kg3 Re1 53.
Kf3 Kd3 54. Kg2 Kxe3 55. Rxf5 Re2+ 56. Kg3 Rxa2 57. Rxe5+ Kd4 58. Rd5+ Kc3 59.
c5 Kxb3 0-1

[Event "24. Engiadina Open"]
[Site "?"]
[Date "2017.10.13"]
[Round "6.6"]
[White "Arquint, Andri"]
[Black "Schwab, Felix"]
[Result "0-1"]
[WhiteElo "1967"]
[BlackElo "1938"]
[PlyCount "106"]
[EventDate "2017.??.??"]
[TimeControl "6000+1230"]
[WhiteClock "0:17:07"]
[BlackClock "0:29:32"]

1. Nf3 d5 2. g3 Nf6 3. Bg2 c5 4. O-O Nc6 5. d3 Bf5 6. Nbd2 Qd7 7. c4 Bh3 8.
cxd5 Nxd5 9. Ne4 e5 10. Bxh3 Qxh3 11. Qa4 Qd7 12. Bd2 f5 13. Nc3 Be7 14. a3 Rd8
15. Nxd5 Qxd5 16. Bc3 O-O 17. Rfd1 Nd4 18. Bxd4 cxd4 19. Qc4 Qxc4 20. dxc4 Bf6
21. Rab1 Rc8 22. b3 Rfd8 23. Ne1 e4 24. h3 g5 25. g4 f4 26. f3 d3 27. exd3 e3
28. Kf1 Rd6 29. Ke2 Rcd8 30. b4 Bc3 31. Nc2 h5 32. Rb3 Bg7 33. Rg1 Rh6 34. Rg2
hxg4 35. hxg4 Rh1 36. c5 Rc1 37. Ne1 Bc3 38. Rg1 Kf7 39. b5 Rh8 40. Rxc3 Rh2+
41. Rg2 Rxg2+ 42. Nxg2 Rxc3 43. Ne1 Ke6 44. d4 Kd5 45. c6 bxc6 46. bxc6 Kxc6
47. Nd3 Rxa3 48. Ne5+ Kd5 49. Nf7 Kxd4 50. Nxg5 Ra2+ 51. Kf1 Kd3 52. Nh3 e2+
53. Kf2 Kd2 {Ke1+} 0-1

[Event "24. Engiadina Open Zuoz"]
[Site "?"]
[Date "2017.10.13"]
[Round "6.11"]
[White "Göttin, Gerhard"]
[Black "Reiss, Siegfried"]
[Result "0-1"]
[WhiteElo "1910"]
[BlackElo "2088"]
[PlyCount "49"]
[EventDate "2017.??.??"]

1. e4 e6 2. d4 d5 3. Nd2 Nf6 4. e5 Nfd7 5. c3 c5 6. Bd3 Nc6 7. Ne2 cxd4 8. cxd4
Qb6 9. Nf3 Bb4+ 10. Bd2 f6 11. exf6 Nxf6 12. O-O O-O 13. a3 Bd6 14. b4 e5 15.
dxe5 Nxe5 16. Nxe5 Bxe5 17. Rc1 Ng4 18. Rc5 Bxh2+ 19. Kh1 Rxf2 20. Nc3 Be6 21.
Qe1 Bg3 22. Qc1 Raf8 23. Be2 Rxf1+ 24. Bxf1 Qd8 25. Bg5 0-1

[Event "24. Engiadina Open Zuoz"]
[Site "?"]
[Date "2017.10.13"]
[Round "6.16"]
[White "Sprenger, Paul"]
[Black "Brönnimann, Peter"]
[Result "1/2-1/2"]
[WhiteElo "1629"]
[BlackElo "1742"]
[PlyCount "53"]
[EventDate "2017.??.??"]

1. d4 d5 2. c4 e6 3. Nc3 Nf6 4. Bg5 Be7 5. e3 h6 6. Bh4 O-O 7. Nf3 Ne4 8. Bxe7
Qxe7 9. Nxe4 dxe4 10. Ne5 Nd7 11. Nxd7 Bxd7 12. Be2 f5 13. f4 b6 14. O-O Rad8
15. Qd2 Be8 16. Rad1 c5 17. Qc3 cxd4 18. Rxd4 Rxd4 19. exd4 Qd6 20. g3 Bc6 21.
b4 Rd8 22. Rd1 Ba8 23. a3 Qc6 24. Qe3 Qc7 25. Kf2 Bc6 26. Rc1 Rc8 27. Rc3
1/2-1/2

[Event "24. Engiadina Open Zuoz"]
[Site "?"]
[Date "2017.10.13"]
[Round "6.15"]
[White "Gruber, Jürg"]
[Black "Plüss, Rudolf"]
[Result "1-0"]
[WhiteElo "1564"]
[BlackElo "1573"]
[PlyCount "58"]
[EventDate "2017.??.??"]

1. e4 c5 2. Bc4 e6 3. Nc3 a6 4. a4 Nc6 5. Nf3 Be7 6. d4 cxd4 7. Nxd4 Nf6 8. O-O
O-O 9. Kh1 d6 10. f4 Qc7 11. Be3 Bd7 12. Nf3 Rad8 13. Qe2 Ng4 14. Bg1 Nf6 15.
Rad1 Na5 16. Bd3 Nc6 17. h3 Nb8 18. Qe3 Qa5 19. e5 Nh5 20. Bh2 g6 21. exd6 Bxd6
22. Bxg6 Bc5 23. Bxh7+ Kxh7 24. Ng5+ Kh8 25. Qe2 Ng7 26. Qg4 Nf5 27. Qh5+ Kg7
28. Qh7+ Kf6 29. Qh5 Ke7 {...} 1-0

[Event "24. Engiadina Open Zuoz"]
[Site "?"]
[Date "2017.10.13"]
[Round "6.17"]
[White "Scheidecker, Urs"]
[Black "Lenninger, Ralf"]
[Result "0-1"]
[WhiteElo "1757"]
[BlackElo "1915"]
[PlyCount "50"]
[EventDate "2017.??.??"]

1. e4 c6 2. d4 d5 3. Nc3 dxe4 4. Nxe4 Bf5 5. Ng3 Bg6 6. h4 h6 7. Bc4 e6 8. Nf3
Nd7 9. Bb3 Ngf6 10. h5 Bh7 11. Qe2 Bd6 12. Ne5 Nxe5 13. dxe5 Qa5+ 14. Bd2 Qxe5
15. O-O-O Qxe2 16. Nxe2 O-O-O 17. f3 Bc5 18. Bc3 Be3+ 19. Kb1 Rxd1+ 20. Rxd1
Nxh5 21. g4 Nf6 22. Ng3 Rd8 23. Rxd8+ Kxd8 24. Bxf6+ gxf6 25. Nh5 Ke7 0-1

[Event "24. Engiadina Open Zuoz"]
[Site "?"]
[Date "2017.10.13"]
[Round "6.17"]
[White "Reichmuth, Vincenz"]
[Black "Fenner, Donat"]
[Result "0-1"]
[WhiteElo "1695"]
[BlackElo "1698"]
[PlyCount "100"]
[EventDate "2017.??.??"]

1. e4 d5 2. Nf3 dxe4 3. Ng5 Nf6 4. d3 exd3 5. Bxd3 Nc6 6. O-O e6 7. Nc3 Be7 8.
Nf3 O-O 9. a3 Re8 10. Re1 Bd6 11. Bg5 h6 12. Bxf6 Qxf6 13. Rb1 b6 14. Ne4 Qd8
15. Nxd6 cxd6 16. Bb5 Bb7 17. Nd4 Rc8 18. c3 e5 19. Nf5 Re6 20. Re3 Rf6 21. Ng3
Ne7 22. Be2 Nd5 23. Rf3 Nf4 24. Re3 Nxg2 25. Rd3 Nf4 26. Re3 Nxe2+ 27. Qxe2 Rg6
28. Rd1 Qe8 29. f3 Qe6 30. f4 f6 31. Kf1 Qh3+ 32. Ke1 Qg2 33. Rxd6 Qxe2+ 34.
Rxe2 exf4 35. Nf5 Rg1+ 36. Kd2 Kh7 37. Rd7 Bc6 38. Rxa7 Rd8+ 39. Nd4 f3 40. Rf2
Rg2 41. Ke1 Re8+ 42. Kf1 Bd5 43. Nxf3 Bxf3 44. Rxg2 Bxg2+ 45. Kxg2 Re2+ 46. Kg3
Rxb2 47. Ra4 Rb3 48. Rc4 Rxa3 49. h4 b5 50. Rc7 b4 0-1

[Event "24. Engiadina Open Zuoz"]
[Site "?"]
[Date "2017.10.13"]
[Round "6.7"]
[White "Joller, Hans"]
[Black "Fecker, Jan"]
[Result "0-1"]
[WhiteElo "1891"]
[BlackElo "1742"]
[PlyCount "198"]
[EventDate "2017.??.??"]

1. e4 c5 2. c3 e6 3. d4 cxd4 4. cxd4 d6 5. Nc3 Nf6 6. Nf3 Be7 7. Bd3 Nc6 8. O-O
a6 9. Qe2 b5 10. e5 dxe5 11. dxe5 Nd5 12. Be4 b4 13. Na4 Bd7 14. Rd1 Qa5 15. b3
Rc8 16. Bxd5 exd5 17. Be3 Be6 18. Rac1 O-O 19. Bb6 Qb5 20. Qe3 a5 21. h3 h6 22.
Bc5 Bxc5 23. Rxc5 Qa6 24. Rdc1 Ne7 25. Nd4 Rfd8 26. g4 Rxc5 27. Rxc5 Rc8 28.
Qc1 Bd7 29. Nb2 h5 30. f3 hxg4 31. hxg4 Ng6 32. Rxc8+ Bxc8 33. Qc6 Qxc6 34.
Nxc6 Bd7 35. Nxa5 Nxe5 36. Kf2 Kf8 37. Nb7 Bc6 38. Nc5 Bb5 39. Ke3 Ke7 40. Nbd3
Nc6 41. f4 Kd6 42. Na4 Ba6 43. Nab2 Bb5 44. Nd1 f6 45. N1f2 g6 46. f5 g5 47.
Kd2 d4 48. Ne4+ Ke7 49. Ndc5 Ne5 50. Nf2 Kd6 51. Ne6 Nc6 52. Ne4+ Ke5 53. N4c5
Kd6 54. Ne4+ Ke5 55. Nf2 Kd6 56. Kc2 Be2 57. Kd2 Bb5 58. Ne4+ Ke5 59. N4c5 Kd6
60. Nb7+ Ke5 61. Nc7 Bf1 62. Nc5 Kf4 63. Nd5+ Kxg4 64. Nxf6+ Kxf5 65. Nfe4 Kf4
66. Ke1 Bg2 67. Nd2 g4 68. Kf2 Bd5 69. Nd3+ Kf5 70. Kg3 Kg5 71. Nc4 Kf5 72. Nd2
Bf7 73. Nf2 Ne5 74. Nfe4 Bd5 75. Nd6+ Ke6 76. Nb5 d3 77. Kf4 Bc6 78. Nd4+ Kd5
79. Nxc6 Nxc6 80. Ke3 Ne5 81. Ne4 Ke6 82. Ng3 Kf6 83. Ne4+ Kf5 84. Ng3+ Kg5 85.
Nf1 Kh4 86. Ke4 g3 87. Nd2 g2 88. Kxe5 Kg4 89. Kd4 g1=Q+ 90. Kxd3 Qa1 91. Ne4
Qxa2 92. Nc5 Qb2 93. Kc4 Qc2+ 94. Kb5 Kf5 95. Na4 Qxb3 96. Nc5 Qb1 97. Ka4 Qb2
98. Kb5 b3 99. Kc4 Qc2+ 0-1

[Event "24. Engiadina Open Zuoz"]
[Site "?"]
[Date "2017.10.14"]
[Round "7.8"]
[White "Reiss, Siegfried"]
[Black "Rusconi, Benito"]
[Result "1/2-1/2"]
[WhiteElo "2088"]
[BlackElo "1927"]
[PlyCount "36"]
[EventDate "2017.??.??"]

1. d4 d5 2. e4 dxe4 3. Nc3 e5 4. Nxe4 Nc6 5. Nf3 f5 6. Neg5 h6 7. d5 Nce7 8.
Ne6 Bxe6 9. dxe6 Qxd1+ 10. Kxd1 O-O-O+ 11. Bd2 Ng6 12. c3 Bc5 13. Ke1 Nf6 14.
Bc4 Ne4 15. Be3 Bxe3 16. fxe3 Rhe8 17. Ke2 Ng5 18. h4 Ne4 1/2-1/2

[Event "24. Engiadina Open Zuoz"]
[Site "?"]
[Date "2017.10.14"]
[Round "7.10"]
[White "Lenninger, Ralf"]
[Black "Joller, Hans"]
[Result "1-0"]
[WhiteElo "1915"]
[BlackElo "1891"]
[PlyCount "20"]
[EventDate "2017.??.??"]

1. d4 Nf6 2. Nf3 d6 3. Bf4 g6 4. h3 Bg7 5. e3 c6 6. Nbd2 b5 7. Be2 a5 8. O-O
Na6 9. c4 Nc7 10. cxb5 cxb5 1-0

[Event "24. Engiadina Open Zuoz"]
[Site "?"]
[Date "2017.10.14"]
[Round "7.14"]
[White "Fenner, Donat"]
[Black "Scheidegger, Urs"]
[Result "1/2-1/2"]
[WhiteElo "1698"]
[BlackElo "1757"]
[PlyCount "67"]
[EventDate "2017.??.??"]

1. f4 d5 2. Nf3 c5 3. e3 Nf6 4. b3 Nc6 5. Bb5 a6 6. Bxc6+ bxc6 7. Bb2 Bg4 8.
O-O e6 9. d3 Be7 10. h3 Bxf3 11. Qxf3 O-O 12. Nd2 a5 13. g4 Nd7 14. a4 Bf6 15.
Bxf6 Qxf6 16. g5 Qc3 17. Qd1 f5 18. Rc1 Qb4 19. Qe1 Ra7 20. h4 h5 21. gxh6 Nf6
22. Kh1 gxh6 23. Rg1+ Ng4 24. Nf3 Qxe1 25. Rcxe1 Rg7 26. Re2 Kh7 27. Nh2 Rfg8
28. Reg2 Nxh2 29. Kxh2 Rg4 30. Kh3 h5 31. Rxg4 fxg4+ 32. Kg3 Kg6 33. e4 d4 34.
e5 1/2-1/2

[Event "24. Engiadina Open Zuoz"]
[Site "?"]
[Date "2017.10.14"]
[Round "7.16"]
[White "Fecker, Sina"]
[Black "Sprenger, Paul"]
[Result "1/2-1/2"]
[WhiteElo "1426"]
[BlackElo "1629"]
[PlyCount "56"]
[EventDate "2017.??.??"]

1. e4 d6 2. d4 Nf6 3. Nc3 e5 4. dxe5 dxe5 5. Bg5 Be7 6. Qxd8+ Bxd8 7. Nf3 Nc6
8. Bb5 O-O 9. Bxc6 bxc6 10. O-O Re8 11. Rad1 h6 12. Bh4 Nd7 13. Bg3 f6 14. Nh4
Kf7 15. Nf5 Rh8 16. Ne3 {=} Nb6 17. f4 Ke6 18. h3 Be7 19. fxe5 fxe5 20. Ng4 Bf6
21. Rd2 h5 22. Nxf6 gxf6 23. Bh4 Rf8 24. Rdf2 Nd7 25. Rf5 Ba6 26. R1f2 Rae8 27.
Rxh5 Kd6 28. Rhf5 Re6 1/2-1/2

[Event "24. Engiadina Open"]
[Site "?"]
[Date "2017.10.14"]
[Round "7.2"]
[White "Fecker, Jan"]
[Black "Simon, Ralf-Axel"]
[Result "0-1"]
[WhiteElo "1804"]
[BlackElo "2214"]
[PlyCount "112"]
[EventDate "2017.??.??"]
[TimeControl "6000+625"]
[WhiteClock "0:32:49"]
[BlackClock "0:08:15"]

1. e4 c5 2. d3 d5 3. exd5 Nf6 4. g3 Qxd5 5. Nf3 Bg4 6. Bg2 Qe6+ 7. Kf1 Bh3 8.
Ng5 Bxg2+ 9. Kxg2 Qc6+ 10. Nf3 e6 11. Re1 Be7 12. Kg1 Nbd7 13. Nc3 O-O 14. Bf4
Rad8 15. Qe2 Rfe8 16. Rad1 Qb6 17. Na4 Qb5 18. b3 Nd5 19. Bc1 Qa6 20. c4 Nb4
21. d4 cxd4 22. Nxd4 Nc5 23. Nc3 Nbd3 24. Ndb5 Nxe1 25. Rxe1 Nd3 26. Nc7 Qa5
27. Nxe8 Nxe1 28. Qxe1 Bb4 29. Bb2 Rxe8 30. Qa1 Ba3 31. Bxa3 Qxa3 32. Nb5 Qa5
33. a3 Rd8 34. b4 Qa4 35. Qe5 a6 36. Nc3 Qb3 37. Qc7 Rf8 38. Qe5 Qxc4 39. Ne4
f6 40. Qf4 Qc6 41. h3 Rd8 42. g4 e5 43. Qf5 Rd4 44. Ng3 Rd1+ 45. Kh2 g6 46. Qe4
Qxe4 47. Nxe4 Kf7 48. Nc5 Ra1 49. Nxb7 Rxa3 50. Nc5 Ke7 51. Kg2 f5 52. f3 Ra2+
53. Kg1 Kd6 54. Nd3 Kd5 55. b5 Ra1+ 56. Kf2 axb5 0-1

[Event "24. Engiadina Open"]
[Site "?"]
[Date "2017.10.14"]
[Round "7.3"]
[White "Fecker, Noah"]
[Black "Remensberger, Hansueli"]
[Result "1-0"]
[WhiteElo "2195"]
[BlackElo "2073"]
[PlyCount "109"]
[EventDate "2017.??.??"]
[TimeControl "6000+900"]
[WhiteClock "0:15:09"]
[BlackClock "0:26:15"]

1. e4 e6 2. d4 d5 3. Nc3 Bb4 4. exd5 exd5 5. Bd3 Nc6 6. a3 Ba5 7. Nge2 Bg4 8.
f3 Bh5 9. O-O Nge7 10. Na4 O-O 11. b4 Bb6 12. Nc5 Rb8 13. Bg5 Bg6 14. Bxg6 hxg6
15. Re1 Re8 16. Kh1 a6 17. c3 Bxc5 18. dxc5 Qd7 19. Bxe7 Rxe7 20. Nf4 Rbe8 21.
Rxe7 Nxe7 22. Qd2 Qf5 23. Re1 Kf8 24. g4 Qd7 25. Kg2 g5 26. Nh5 Ng6 27. Rxe8+
Qxe8 28. Kf2 Qe5 29. Ng3 Nf4 30. Qe3 Qf6 31. Nf5 g6 32. Qd4 Qxd4+ 33. Nxd4 Ke7
34. Ke3 c6 35. a4 Kf6 36. Nb3 Ne6 37. Na5 Nd8 38. Kd4 Ne6+ 39. Ke3 Nd8 40. c4
Ke5 41. b5 dxc4 42. Nxb7 cxb5 43. axb5 Ne6 44. bxa6 Kd5 45. a7 Nc7 46. Nd8 Kxc5
47. Nxf7 Kb4 48. Kd2 Kb3 49. Nxg5 c3+ 50. Kc1 Kc4 51. h4 Kd5 52. h5 gxh5 53.
gxh5 Ke5 54. h6 Kf6 55. h7 1-0

[Event "24. Engiadina Open"]
[Site "?"]
[Date "2017.10.14"]
[Round "7.4"]
[White "Schunk, Thomas"]
[Black "Vilaseca, Laurent"]
[Result "1-0"]
[WhiteElo "2111"]
[BlackElo "2092"]
[PlyCount "79"]
[EventDate "2017.??.??"]
[TimeControl "6000+950"]
[WhiteClock "0:47:16"]
[BlackClock "0:35:37"]

1. c4 c5 2. Nf3 Nc6 3. d4 cxd4 4. Nxd4 Nf6 5. Nc3 g6 6. e4 d6 7. Be2 Bg7 8. Nc2
O-O 9. O-O Be6 10. Rb1 Rc8 11. b3 a6 12. Bb2 Qa5 13. Ne3 Nd7 14. Ncd5 Bxd5 15.
exd5 Ncb8 16. Bxg7 Kxg7 17. Rb2 Nf6 18. g4 h6 19. Qd3 Nbd7 20. b4 Qc7 21. f4 a5
22. a3 axb4 23. axb4 Ra8 24. h4 Qb6 25. g5 hxg5 26. hxg5 Nh7 27. Bd1 Rh8 28.
Qc3+ Kg8 29. Rh2 f6 30. Kh1 Nhf8 31. Rxh8+ Kxh8 32. Ng4 Kg7 33. Re1 Qd8 34. Qe3
Kf7 35. Nh6+ Ke8 36. Bg4 f5 37. Nxf5 gxf5 38. Bh5+ Ng6 39. Bxg6+ Kf8 40. Qe6 {
Ke8} 1-0

[Event "24. Engiadina Open"]
[Site "?"]
[Date "2017.10.14"]
[Round "7.5"]
[White "Schwab, Felix"]
[Black "Wyss, Thomas"]
[Result "0-1"]
[WhiteElo "1938"]
[BlackElo "2251"]
[PlyCount "94"]
[EventDate "2017.??.??"]
[TimeControl "6000+650"]
[WhiteClock "0:26:11"]
[BlackClock "0:16:16"]

1. e4 c5 2. Nf3 Nf6 3. d3 Nc6 4. g3 d5 5. e5 Ng4 6. Bf4 g5 7. Bxg5 Ngxe5 8. Be2
Bg7 9. Nc3 Bh3 10. Nh4 Qd7 11. Qd2 h6 12. Bf4 Ng6 13. O-O-O e5 14. Qe1 O-O-O
15. Bd2 Nd4 16. Nxg6 fxg6 17. f4 Rde8 18. Qf2 Rhf8 19. Rde1 g5 20. Bh5 Re7 21.
Rhg1 g4 22. Re3 Qf5 23. Nxd5 Rd7 24. Nc3 Qxh5 25. Rge1 exf4 26. gxf4 Nf3 27.
R1e2 Bd4 28. Qg3 Nxd2 29. Re5 Qf7 30. f5 Bxe5 31. Rxe5 Nf3 32. Rxc5+ Rc7 33.
Nb5 Rxc5 34. Nd6+ Kd7 35. Nxf7 Rxf7 36. Qb8 Rc7 37. Qh8 Rc6 38. Qb8 Rc7 39. Qg8
Ke7 40. Qg6 Rc6 41. Qg8 Nd4 42. Qb8 Rxf5 43. Qxb7+ Kf6 44. c3 Rf1+ 45. Kd2 Nf3+
46. Ke3 Re6+ 47. Kf4 Nh4+ 0-1

[Event "24. Engiadina Open"]
[Site "?"]
[Date "2017.10.14"]
[Round "7.6"]
[White "Frehner, Walter"]
[Black "Remensberger, Paul"]
[Result "1/2-1/2"]
[WhiteElo "1914"]
[BlackElo "2111"]
[PlyCount "138"]
[EventDate "2017.??.??"]
[TimeControl "6000+845"]
[WhiteClock "0:07:03"]
[BlackClock "0:58:36"]

1. d4 d6 2. Nf3 Nf6 3. c4 Bg4 4. e3 g6 5. h3 Bxf3 6. Qxf3 Nc6 7. a3 a5 8. Bd3
Bg7 9. O-O O-O 10. Nc3 Re8 11. Bd2 Nd7 12. Be4 e5 13. Bd5 Rf8 14. Nb5 exd4 15.
exd4 Nxd4 16. Nxd4 Bxd4 17. Bxb7 Rb8 18. Rab1 a4 19. Bh6 Bg7 20. Be3 Ne5 21.
Qd5 Nxc4 22. Ba7 Rxb7 23. Qxb7 Nd2 24. Qc6 Nxf1 25. Kxf1 Qe8 26. Qxc7 Qb5+ 27.
Kg1 Qd3 28. Qc1 Re8 29. Be3 d5 30. Qd1 Qxd1+ 31. Rxd1 d4 32. Bd2 Rc8 33. Rc1
Rb8 34. Bb4 d3 35. Rd1 Rd8 36. Rd2 Bh6 37. Rd1 f5 38. Kf1 Kf7 39. Bc3 Ke6 40.
Ke1 Rd5 41. Rb1 Kd6 42. b4 axb3 43. Rxb3 Kc5 44. Rb4 Rd7 45. f4 Bf8 46. Kd2 Be7
47. Rb8 Kd5 48. Bb4 Bxb4+ 49. Rxb4 Kc5 50. Rb3 Rd4 51. g3 h5 52. Rc3+ Kb5 53.
Rxd3 Ra4 54. Ke3 Kc6 55. h4 Kc7 56. Kd2 Kc6 57. Kc2 Ra8 58. Kb3 Rb8+ 59. Ka2
Ra8 60. Rd4 Re8 61. Rd3 Ra8 62. Kb3 Rb8+ 63. Kc4 Ra8 64. Rc3 Kd6 65. Rb3 Kc6
66. Kc3 Re8 67. Kb4 Rb8+ 68. Kc4 Ra8 69. Rc3 Kd6 1/2-1/2